[Event "Minsk Kupreichik Memorial op"]
[Site "Minsk"]
[Date "2024.05.20"]
[Round "5"]
[White "Bendik, Margarita"]
[Black "Vashchilov, Sergey"]
[Result "0-1"]
[WhiteElo "1913"]
[BlackElo "2016"]
[PlyCount "48"]
[EventDate "2024.05.17"]
[EventType "swiss"]
[EventRounds "7"]
[EventCountry "BLR"]
[SourceTitle "CB24_2024"]
[SourceDate "2024.06.12"]
[SourceVersion "1"]
[SourceVersionDate "2024.06.12"]
[SourceQuality "1"]

1. e4 e6 2. d4 d5 3. Nc3 Bb4 4. Nge2 dxe4 5. a3 Bxc3+ 6. Nxc3 Nc6 7. Bb5 Nge7 8. Bg5 f6 9. Be3 0-0 10. Nxe4 f5 11. Ng5 f4 12. Bd3 h6 13. Bh7+ Kh8 14. Bd2 Qd5 15. h4 g6 16. Qe2 Nxd4 17. Qd3 Kg7 18. c4 Qe5+ 19. Kf1 c5 20. Re1 Qf5 21. Qxf5 Rxf5 22. Ne4 Kxh7 23. Nd6 Rf8 24. Re5 Nec6 0-1

[Event "BLR-ch U20 Girls"]
[Site "Minsk"]
[Date "2024.04.16"]
[Round "5"]
[White "Zeliantsova, Kseniya"]
[Black "Bendik, Margarita"]
[Result "1-0"]
[WhiteElo "1943"]
[BlackElo "1905"]
[PlyCount "139"]
[EventDate "2024.04.12"]
[EventType "swiss"]
[EventRounds "7"]
[EventCountry "BLR"]
[EventCategory "7"]
[SourceTitle "CB19_2024"]
[SourceDate "2024.05.08"]
[SourceVersion "1"]
[SourceVersionDate "2024.05.08"]
[SourceQuality "1"]

1. e4 c5 2. Nf3 e6 3. d4 cxd4 4. Nxd4 Nc6 5. Nc3 Nf6 6. g3 Bb4 7. Bg2 0-0 8. 0-0 d6 9. Nb3 Ne5 10. a3 Bxc3 11. bxc3 Qc7 12. Bg5 Ned7 13. Qd4 e5 14. Qd3 h6 15. Be3 Rd8 16. Nd2 b6 17. Rfd1 Nb8 18. Nf1 Ba6 19. Qd2 Nc6 20. Qe1 Na5 21. Bd2 Bxf1 22. Qxf1 Qc4 23. Qd3 Rac8 24. Qf3 Qe6 25. h3 Rc4 26. Re1 Rc7 27. g4 Nh7 28. h4 Qf6 29. Qxf6 Nxf6 30. g5 hxg5 31. hxg5 Nd7 32. Red1 Nc5 33. g6 f6 34. Be1 Ne6 35. Bd2 Nf8 36. Bh3 Nxg6 37. Be6+ Kf8 38. Kg2 Nc4 39. Bc1 Ke7 40. Bd5 Rh8 41. a4 Rc5 42. f3 Na5 43. Rd3 Rhc8 44. Bd2 Nc4 45. Bxc4 Rxc4 46. a5 b5 47. a6 Ra4 48. Rb1 Rc5 49. Rd5 Rxa6 50. Rxc5 dxc5 51. Rxb5 Kd6 52. Be3 Nf4+ 53. Bxf4 exf4 54. Rb7 g5 55. Rf7 Ke6 56. Rc7 Ra5 57. Kh3 f5 58. exf5+ Kxf5 59. Rf7+ Ke6 60. Rc7 Kd6 61. Rg7 Ra3 62. Kg4 a5 63. Kxg5 Ra4 64. Kf5 Kc6 65. Ke5 Rc4 66. Ra7 Kb5 67. Rb7+ Ka4 68. Rb3 Rd4 69. cxd4 cxd4 70. Rb8 1-0

[Event "BLR-ch (Women) 80th"]
[Site "Minsk"]
[Date "2024.01.15"]
[Round "6"]
[White "Bendik, Margarita"]
[Black "Tarasenka, Aliaksandra"]
[Result "1/2-1/2"]
[WhiteElo "1616"]
[BlackElo "2061"]
[PlyCount "149"]
[EventDate "2024.01.10"]
[EventType "tourn"]
[EventRounds "9"]
[EventCountry "BLR"]
[SourceTitle "CB04_2024"]
[SourceDate "2023.10.16"]
[SourceVersion "1"]
[SourceVersionDate "2023.10.16"]
[SourceQuality "1"]

1. e4 c5 2. Nc3 e6 3. Nf3 Nc6 4. Bb5 Nd4 5. 0-0 a6 6. Bd3 Nc6 7. b3 g6 8. Re1 d6 9. Bb2 Bg7 10. Na4 e5 11. Nc3 Nge7 12. a4 0-0 13. h3 h6 14. Bc4 Kh7 15. Bf1 f5 16. d3 Qe8 17. Nd2 f4 18. Nc4 Qd8 19. Be2 Nd4 20. Bf3 g5 21. Nd5 Nxf3+ 22. Qxf3 Ng6 23. Ncb6 Be6 24. Nxa8 g4 25. Qd1 Qg5 26. hxg4 Bxg4 27. f3 Bh3 28. Re2 Rxa8 29. Kh1 Bd7 30. Qg1 Rg8 31. Qh2 h5 32. Kg1 h4 33. Kf2 Rh8 34. Rg1 Kg8 35. Ke1 Qh5 36. Rf2 Kf7 37. Kd1 Qg5 38. Kc1 Qg3 39. Qxg3 hxg3 40. Rd2 Rh2 41. a5 Nh4 42. Bc3 Bh6 43. Kd1 Be6 44. Re2 Bxd5 45. exd5 Nf5 46. Bd2 Ne7 47. c4 Nf5 48. Ree1 Bf8 49. b4 Kf6 50. Re4 Nh4 51. bxc5 dxc5 52. Re2 Nf5 53. Bc1 Bd6 54. Rb2 Nh4 55. Rb6 Ke7 56. Rxb7+ Ke8 57. Rb6 Bc7 58. Rxa6 Nxg2 59. Re6+ Kd7 60. a6 Bb8 61. Rxe5 Bxe5 62. a7 Rh8 63. Rxg2 Ra8 64. Ra2 Kc8 65. Ke1 Kb7 66. Bb2 Bxb2 67. Rxb2+ Kxa7 68. Kf1 Rh8 69. Kg1 Re8 70. Kg2 Re3 71. Rb3 Re2+ 72. Kg1 Re1+ 73. Kg2 Re2+ 74. Kg1 Re1+ 75. Kg2 1/2-1/2

[Event "BLR-ch (Women) 80th"]
[Site "Minsk"]
[Date "2024.01.11"]
[Round "2"]
[White "Bendik, Margarita"]
[Black "Cheshko, Darya"]
[Result "1-0"]
[WhiteElo "1616"]
[BlackElo "1457"]
[PlyCount "81"]
[EventDate "2024.01.10"]
[EventType "tourn"]
[EventRounds "9"]
[EventCountry "BLR"]
[SourceTitle "CB04_2024"]
[SourceDate "2023.10.16"]
[SourceVersion "1"]
[SourceVersionDate "2023.10.16"]
[SourceQuality "1"]

1. e4 c5 2. Nf3 e6 3. d4 cxd4 4. Nxd4 Nf6 5. Nc3 Nc6 6. Ndb5 Bb4 7. a3 Bxc3+ 8. Nxc3 d5 9. Bd3 dxe4 10. Nxe4 Nxe4 11. Bxe4 Qxd1+ 12. Kxd1 Bd7 13. Be3 f5 14. Bf3 Kf7 15. Kc1 e5 16. Bd5+ Be6 17. Bxc6 bxc6 18. b3 a5 19. a4 c5 20. c4 Rhc8 21. g3 h6 22. Kc2 Ra6 23. Bd2 e4 24. h4 Rb8 25. Bf4 Rb7 26. Rhd1 Rab6 27. Rab1 Ke7 28. Be3 Rc6 29. Rd2 Kf6 30. Rd8 Ra7 31. Rbd1 Ke7 32. Rb8 Rd7 33. Rxd7+ Kxd7 34. Rb7+ Rc7 35. Rb5 Bf7 36. Rxa5 Bh5 37. Bf4 Rb7 38. Rxc5 Bg4 39. a5 Be2 40. Rxf5 Bd3+ 41. Kc3 1-0

[Event "Minsk op"]
[Site "Minsk"]
[Date "2023.11.09"]
[Round "7"]
[White "Bendik, Margarita"]
[Black "Zolotenkov, Vasilly"]
[Result "1/2-1/2"]
[WhiteElo "1691"]
[BlackElo "1437"]
[PlyCount "153"]
[EventDate "2023.11.03"]
[EventType "swiss"]
[EventRounds "9"]
[EventCountry "BLR"]
[SourceTitle "CB46_2023"]
[SourceDate "2023.11.15"]
[SourceVersion "1"]
[SourceVersionDate "2023.11.15"]
[SourceQuality "1"]

1. e4 g6 2. d4 d5 3. Nc3 dxe4 4. Nxe4 Bg7 5. Be3 Nh6 6. Qd2 Nf5 7. 0-0-0 Nxe3 8. fxe3 c6 9. Bc4 b5 10. Bb3 a5 11. a3 Na6 12. Nf3 0-0 13. h4 h5 14. Qf2 a4 15. Ba2 Bg4 16. Rd2 b4 17. Neg5 e6 18. Nh2 bxa3 19. bxa3 Qe7 20. Rd3 f6 21. Ngf3 Bf5 22. Rc3 Nc7 23. Nd2 Nb5 24. Rc5 Nd6 25. Qf3 Rab8 26. Qxc6 Rfc8 27. Qxa4 Ne4 28. Nxe4 Bxe4 29. Qc4 Re8 30. Qc3 Qa7 31. Nf3 Bf8 32. Ra5 Qb7 33. Nd2 Rbc8 34. Bc4 Kh7 35. Nxe4 Qxe4 36. Qd3 Qg4 37. g3 Ra8 38. Ba6 Bh6 39. Rc5 Qxg3 40. Rc3 Qd6 41. Bb7 Rab8 42. Bf3 f5 43. Rf1 Red8 44. Rc6 Qxd4 45. Qxd4 Rxd4 46. Rxe6 Rxh4 47. Re7+ Bg7 48. Rd1 Kh6 49. Rg1 Bb2+ 50. Kd2 Rd8+ 51. Ke2 Bxa3 52. Re6 Rh2+ 53. Kf1 Rg8 54. Bg2 h4 55. c4 Kh7 56. Rh1 Rxh1+ 57. Bxh1 Kh6 58. e4 Kg5 59. exf5 Kxf5 60. Bd5 Rb8 61. Re3 Bc5 62. Rh3 g5 63. Bc6 Rb1+ 64. Ke2 Rb2+ 65. Kf1 Rf2+ 66. Ke1 Rc2 67. Bd5 Bd6 68. Re3 Rb2 69. Re2 Rb1+ 70. Kf2 Bc5+ 71. Kg2 Rg1+ 72. Kh2 Rg3 73. Be6+ Kf4 74. Rg2 Rxg2+ 75. Kxg2 g4 76. Bxg4 Kxg4 77. Kh2 1/2-1/2

[Event "Minsk op"]
[Site "Minsk"]
[Date "2023.11.04"]
[Round "2"]
[White "Bendik, Margarita"]
[Black "Hryharovich, Aliaksei"]
[Result "0-1"]
[WhiteElo "1691"]
[BlackElo "2250"]
[PlyCount "120"]
[EventDate "2023.11.03"]
[EventType "swiss"]
[EventRounds "9"]
[EventCountry "BLR"]
[SourceTitle "CB46_2023"]
[SourceDate "2023.11.15"]
[SourceVersion "1"]
[SourceVersionDate "2023.11.15"]
[SourceQuality "1"]

1. e4 c6 2. Nc3 d5 3. Nf3 dxe4 4. Nxe4 Nf6 5. Qe2 Nxe4 6. Qxe4 Nd7 7. Bc4 Nf6 8. Ne5 e6 9. Qe2 Qc7 10. d4 b5 11. Bd3 Bb7 12. a4 a6 13. 0-0 Be7 14. Bf4 Qb6 15. c3 bxa4 16. Rxa4 c5 17. Rfa1 cxd4 18. Bxa6 0-0 19. cxd4 Bxa6 20. Rxa6 Rxa6 21. Qxa6 Qxd4 22. Nc6 Qxf4 23. Nxe7+ Kh8 24. g3 Qd4 25. Qb7 Ne4 26. Rf1 h6 27. Nc6 Qd5 28. Qb4 Re8 29. Ne7 Qa8 30. Rc1 Nxf2 31. Kxf2 Qa7+ 32. Qc5 Qxc5+ 33. Rxc5 Rxe7 34. b4 Rb7 35. b5 g5 36. Ke3 Kg7 37. Kd4 Kf6 38. Kc4 Ke7 39. Rc8 Kd6 40. Rh8 f5 41. Rxh6 Rc7+ 42. Kb4 Rf7 43. Kc3 f4 44. Kd2 fxg3 45. hxg3 Rb7 46. Ke3 Ke5 47. Kf3 Rxb5 48. Kg4 Rb3 49. Rg6 Kd5 50. Rxg5+ e5 51. Rg8 e4 52. Rd8+ Ke5 53. Rd7 Rb8 54. Rd1 Rf8 55. Kh3 e3 56. g4 Ke4 57. g5 e2 58. Ra1 Rf1 59. Ra4+ Kf5 60. Ra5+ Kg6 0-1

[Event "Minsk op"]
[Site "Minsk"]
[Date "2023.11.03"]
[Round "1"]
[White "Kirylovich, Aliaksei"]
[Black "Bendik, Margarita"]
[Result "0-1"]
[WhiteElo "1800"]
[BlackElo "1691"]
[PlyCount "60"]
[EventDate "2023.11.03"]
[EventType "swiss"]
[EventRounds "9"]
[EventCountry "BLR"]
[SourceTitle "CB46_2023"]
[SourceDate "2023.11.15"]
[SourceVersion "1"]
[SourceVersionDate "2023.11.15"]
[SourceQuality "1"]

1. e4 c5 2. Nf3 Nc6 3. Bb5 e5 4. Bxc6 dxc6 5. d3 Bd6 6. 0-0 Ne7 7. Bg5 f6 8. Be3 Be6 9. Nbd2 b6 10. h3 Qd7 11. Kh2 Ng6 12. c4 0-0-0 13. b3 Nf4 14. Bxf4 exf4 15. Re1 g5 16. e5 fxe5 17. Nxe5 Bxe5 18. Rxe5 g4 19. Rh5 Qxd3 20. Qe1 Rhe8 21. Rh6 g3+ 22. fxg3 Bf5 23. Qf2 fxg3+ 24. Qxg3 Qxg3+ 25. Kxg3 Rxd2 26. Rxc6+ Kd7 27. Rf6 Rg8+ 28. Kh2 Rgxg2+ 29. Kh1 Rh2+ 30. Kg1 Rdg2+ 0-1

[Event "St Petersburg Rapid 2023"]
[Site "St Petersburg"]
[Date "2023.08.26"]
[Round "1"]
[White "Bendik, Margarita"]
[Black "Fedorov, Alexei"]
[Result "0-1"]
[WhiteElo "1690"]
[BlackElo "2437"]
[PlyCount "56"]
[EventDate "2023.08.26"]
[EventType "swiss (rapid)"]
[EventRounds "11"]
[EventCountry "RUS"]
[SourceTitle "EXT 2024"]
[Source "ChessBase"]
[SourceDate "2023.10.10"]
[SourceVersion "1"]
[SourceVersionDate "2023.10.10"]
[SourceQuality "1"]

1. e4 c5 2. Nf3 Nc6 3. Bb5 e6 4. Bxc6 bxc6 5. d3 Ne7 6. Qe2 d5 7. c4 Ng6 8. h4 h5 9. b3 dxc4 10. dxc4 e5 11. g3 Bd6 12. Nc3 Nf8 13. 0-0 Bg4 14. Qd3 Ne6 15. Nh2 Bh3 16. Rd1 Nd4 17. Bg5 f6 18. Be3 g5 19. hxg5 fxg5 20. Na4 Qf6 21. Bxd4 cxd4 22. Qf3 Qg6 23. g4 hxg4 24. Nxg4 Rh4 25. Nf6+ Ke7 26. c5 Bc7 27. Nd5+ cxd5 28. exd5 Rg4+ 0-1

[Event "St Petersburg Korchnoi Memorial op"]
[Site "St Petersburg"]
[Date "2023.08.24"]
[Round "9"]
[White "Bendik, Margarita"]
[Black "Bahdanovich, Mikhail"]
[Result "1/2-1/2"]
[WhiteElo "1690"]
[BlackElo "1433"]
[PlyCount "120"]
[EventDate "2023.08.18"]
[EventType "swiss"]
[EventRounds "9"]
[EventCountry "RUS"]
[SourceTitle "EXT 2024"]
[Source "ChessBase"]
[SourceDate "2023.10.10"]
[SourceVersion "1"]
[SourceVersionDate "2023.10.10"]
[SourceQuality "1"]

1. e4 c6 2. Nc3 d5 3. Nf3 Bg4 4. h3 Bxf3 5. Qxf3 e6 6. Be2 Nd7 7. 0-0 Ngf6 8. d4 dxe4 9. Nxe4 Nxe4 10. Qxe4 Nf6 11. Qd3 Be7 12. Rd1 0-0 13. Bf4 Qb6 14. a4 Nd5 15. Bd2 Bf6 16. c3 Rfd8 17. a5 Qc7 18. Qf3 e5 19. dxe5 Bxe5 20. a6 b5 21. Bd3 Nb6 22. Bg5 Re8 23. Be4 Nc4 24. Bxc6 Bh2+ 25. Kh1 Ne5 26. Qh5 Nxc6 27. g3 Bxg3 28. fxg3 Qxg3 29. Rg1 Qe5 30. Qf3 Qe4 31. Qxe4 Rxe4 32. Bf6 g6 33. Rge1 Rae8 34. Rxe4 Rxe4 35. Rd1 Re6 36. Bg5 f6 37. Bh6 g5 38. Rd7 Re7 39. Rd6 Ne5 40. Rxf6 Nf7 41. Rc6 Nxh6 42. Rxh6 Re1+ 43. Kg2 Re2+ 44. Kf3 Rxb2 45. Rc6 Rb3 46. Kg4 h6 47. Kf5 Kf7 48. Rxh6 Rxc3 49. Rh7+ Kg8 50. Rxa7 Rc6 51. Ke5 b4 52. Kd5 Rb6 53. Ra8+ Kg7 54. a7 Ra6 55. Kc4 Ra4 56. Kb5 Ra3 57. Kxb4 Ra1 58. Kc5 Rc1+ 59. Kd6 Rd1+ 60. Ke6 Ra1 1/2-1/2

[Event "St Petersburg Korchnoi Memorial op"]
[Site "St Petersburg"]
[Date "2023.08.21"]
[Round "6"]
[White "Kalambetov, Anton"]
[Black "Bendik, Margarita"]
[Result "1-0"]
[WhiteElo "2053"]
[BlackElo "1690"]
[PlyCount "97"]
[EventDate "2023.08.18"]
[EventType "swiss"]
[EventRounds "9"]
[EventCountry "RUS"]
[SourceTitle "EXT 2024"]
[Source "ChessBase"]
[SourceDate "2023.10.10"]
[SourceVersion "1"]
[SourceVersionDate "2023.10.10"]
[SourceQuality "1"]

1. c4 e5 2. g3 Nc6 3. Bg2 Bc5 4. Nc3 a5 5. e3 Nge7 6. Nge2 d6 7. d4 Ba7 8. h3 0-0 9. 0-0 h5 10. dxe5 Nxe5 11. b3 h4 12. f4 Nd7 13. g4 f5 14. g5 Nc5 15. Nd4 Ne4 16. Bb2 Ng3 17. Re1 c6 18. Kh2 Ng6 19. Qd3 Qc7 20. Nce2 Nxe2 21. Rxe2 Bd7 22. Bf3 d5 23. cxd5 c5 24. Ne6 Bxe6 25. dxe6 Rad8 26. Qc3 Rfe8 27. Kh1 Rxe6 28. Qc4 Qd6 29. Bc3 b5 30. Qxb5 Qd3 31. Qc4 Qxc4 32. bxc4 Ne7 33. a4 Rd3 34. Bxa5 Rdxe3 35. Rxe3 Rxe3 36. Kg2 Bb8 37. Bd2 Rd3 38. Ra2 Rd4 39. a5 Rxc4 40. a6 Ba7 41. Rb2 Rd4 42. Bc3 Rd3 43. Rb7 Rxc3 44. Rxe7 Rc2+ 45. Kf1 Bb6 46. Rb7 Rc3 47. Bd5+ Kh7 48. Rxb6 Ra3 49. Ke2 1-0

[Event "St Petersburg Korchnoi Memorial op"]
[Site "St Petersburg"]
[Date "2023.08.19"]
[Round "3"]
[White "Bendik, Margarita"]
[Black "Konoplev, Kirill"]
[Result "1-0"]
[WhiteElo "1690"]
[BlackElo "1250"]
[PlyCount "66"]
[EventDate "2023.08.18"]
[EventType "swiss"]
[EventRounds "9"]
[EventCountry "RUS"]
[SourceTitle "EXT 2024"]
[Source "ChessBase"]
[SourceDate "2023.10.10"]
[SourceVersion "1"]
[SourceVersionDate "2023.10.10"]
[SourceQuality "1"]

1. e4 e6 2. d4 d5 3. Nc3 Bb4 4. Nge2 dxe4 5. a3 Be7 6. Nxe4 Nf6 7. N2g3 Bd7 8. Bd3 Bc6 9. c3 Nbd7 10. 0-0 Nxe4 11. Nxe4 Nf6 12. f3 a6 13. Qe2 0-0 14. b4 Nd5 15. c4 Nb6 16. Be3 Re8 17. f4 f5 18. Ng5 Bf6 19. Qh5 Bxg5 20. fxg5 g6 21. Qh4 e5 22. d5 e4 23. Be2 Ba4 24. g4 Bd7 25. Rad1 Na4 26. Bd4 Re7 27. c5 b5 28. cxb6 Nxb6 29. Bc5 Rf7 30. d6 Be6 31. gxf5 gxf5 32. Bh5 Rg7 33. Bd4 Rd7 1-0

[Event "Minsk Kupreichik Memorial op"]
[Site "Minsk"]
[Date "2023.04.24"]
[Round "5"]
[White "Zeliantsova, Kseniya"]
[Black "Bendik, Margarita"]
[Result "1-0"]
[WhiteElo "2071"]
[BlackElo "1700"]
[PlyCount "87"]
[EventDate "2023.04.21"]
[EventType "swiss"]
[EventRounds "7"]
[EventCountry "BLR"]
[SourceTitle "CBM 214 Extra"]
[Source "ChessBase"]
[SourceDate "2023.07.31"]
[SourceVersion "1"]
[SourceVersionDate "2023.07.31"]
[SourceQuality "1"]

1. e4 e5 2. Nf3 Nc6 3. Bc4 Nf6 4. d3 Be7 5. 0-0 0-0 6. c3 d6 7. h3 Na5 8. Bb5 a6 9. Ba4 b5 10. Bc2 c5 11. Re1 Re8 12. Nbd2 Qc7 13. Nf1 h6 14. Ng3 Bf8 15. Nh2 Nc6 16. Qf3 Nh7 17. Ng4 Qd8 18. Bb3 Be6 19. Nf5 Ra7 20. Qg3 Kh8 21. f4 Qd7 22. Bxe6 Qxe6 23. Bd2 Nf6 24. fxe5 Nxg4 25. hxg4 dxe5 26. Qf3 Be7 27. g5 hxg5 28. Qh5+ Kg8 29. Bxg5 Bxg5 30. Qxg5 Qg6 31. Qh4 Qh7 32. Qf2 g6 33. Re3 Qh5 34. Rh3 Qg5 35. Qxc5 gxf5 36. Qxc6 Rae7 37. exf5 f6 38. Qd5+ Kg7 39. Qf3 Kf8 40. Rf1 Rg7 41. Rh5 Qd2 42. Qd5 Rg8 43. Rh7 Qe3+ 44. Kh1 1-0

[Event "BLR-ch (Women)"]
[Site "Minsk"]
[Date "2023.01.15"]
[Round "7"]
[White "Tarasenka, Aliaksandra"]
[Black "Bendik, Margarita"]
[Result "1-0"]
[WhiteElo "2064"]
[BlackElo "1696"]
[PlyCount "80"]
[EventDate "2023.01.09"]
[EventType "tourn"]
[EventRounds "9"]
[EventCountry "BLR"]
[SourceTitle "CBM 212 Extra"]
[Source "ChessBase"]
[SourceDate "2023.03.31"]
[SourceVersion "1"]
[SourceVersionDate "2023.03.31"]
[SourceQuality "1"]

1. d4 Nf6 2. c4 e6 3. Nc3 Bb4 4. f3 c5 5. a3 Bxc3+ 6. bxc3 Nc6 7. e3 b6 8. Bd3 Ba6 9. Qe2 Na5 10. Bb2 0-0 11. e4 d5 12. cxd5 Bxd3 13. Qxd3 exd5 14. e5 Nh5 15. Ne2 Qg5 16. g3 c4 17. Qc2 Nb3 18. Rd1 g6 19. Bc1 Nxc1 20. Qxc1 Qe7 21. 0-0 Ng7 22. Rf2 b5 23. Nf4 Qd7 24. Rb2 Ne6 25. Ng2 a5 26. Ne3 Rfb8 27. Ng4 Qd8 28. Qh6 Kh8 29. Nf6 Nf8 30. Rdb1 b4 31. axb4 a4 32. Ra2 Ra6 33. Rba1 Rxf6 34. exf6 Qxf6 35. Qf4 Qxf4 36. gxf4 Ne6 37. Rxa4 Nxf4 38. Ra8 Rxa8 39. Rxa8+ Kg7 40. b5 Ne2+ 1-0

[Event "BLR-ch (Women)"]
[Site "Minsk"]
[Date "2023.01.13"]
[Round "5"]
[White "Zeliantsova, Kseniya"]
[Black "Bendik, Margarita"]
[Result "1-0"]
[WhiteElo "2068"]
[BlackElo "1696"]
[PlyCount "95"]
[EventDate "2023.01.09"]
[EventType "tourn"]
[EventRounds "9"]
[EventCountry "BLR"]
[SourceTitle "CBM 212 Extra"]
[Source "ChessBase"]
[SourceDate "2023.03.31"]
[SourceVersion "1"]
[SourceVersionDate "2023.03.31"]
[SourceQuality "1"]

1. e4 c6 2. d4 d5 3. Nd2 dxe4 4. Nxe4 Nf6 5. Ng3 h5 6. h4 Bg4 7. Be2 g6 8. Nf3 Nbd7 9. 0-0 Bg7 10. Bg5 Qc7 11. Nh2 Be6 12. c4 Rd8 13. Qc1 Ng4 14. Nxg4 hxg4 15. Qe3 Nb6 16. c5 Nd5 17. Qe4 Qd7 18. Rad1 Bf5 19. Nxf5 gxf5 20. Qd3 f6 21. Bc1 Rxh4 22. Qg3 Rh7 23. f3 Kf7 24. fxg4 Rdh8 25. Rxf5 Qe6 26. Kf2 Bh6 27. Bxh6 Rxh6 28. Rh5 Qe4 29. Rxh6 Rxh6 30. Qd3 Qf4+ 31. Qf3 Qg5 32. Bc4 e6 33. Bxd5 exd5 34. Rd3 Rh4 35. Kg3 Rh1 36. Qf2 Rh4 37. Qf4 Qxf4+ 38. Kxf4 Rh1 39. Rb3 Kg6 40. Rxb7 Re1 41. Rxa7 Re4+ 42. Kf3 Rxd4 43. Ra6 Rd3+ 44. Ke2 Rg3 45. Kf2 Rd3 46. b4 Rd2+ 47. Ke3 Rb2 48. a3 1-0

[Event "BLR-ch (Women)"]
[Site "Minsk"]
[Date "2023.01.11"]
[Round "3"]
[White "Shahazizyan, Milena"]
[Black "Bendik, Margarita"]
[Result "0-1"]
[WhiteElo "1494"]
[BlackElo "1696"]
[PlyCount "66"]
[EventDate "2023.01.09"]
[EventType "tourn"]
[EventRounds "9"]
[EventCountry "BLR"]
[SourceTitle "CBM 212 Extra"]
[Source "ChessBase"]
[SourceDate "2023.03.31"]
[SourceVersion "1"]
[SourceVersionDate "2023.03.31"]
[SourceQuality "1"]

1. d4 Nf6 2. c4 c5 3. d5 e6 4. Nc3 exd5 5. cxd5 d6 6. Nf3 g6 7. Bf4 Bg7 8. h3 0-0 9. e3 Re8 10. Nd2 Bf5 11. Qb3 Ne4 12. Ncxe4 Bxe4 13. f3 g5 14. Bb5 gxf4 15. Bxe8 Bg6 16. Bxf7+ Bxf7 17. e4 Qh4+ 18. Kd1 Nd7 19. Nc4 Qf6 20. a4 Nb6 21. Nxb6 axb6 22. Ke2 Be8 23. Qxb6 Qg6 24. Rhg1 Bd4 25. Qxb7 Bxg1 26. Qxa8 Qxg2+ 27. Kd3 Qxf3+ 28. Kc2 Qxe4+ 29. Kb3 Bd4 30. a5 Qe2 31. Rb1 Qb5+ 32. Kc2 Qc4+ 33. Kd1 Qd3+ 0-1

[Event "BLR-ch (Women)"]
[Site "Minsk"]
[Date "2023.01.09"]
[Round "1"]
[White "Liavonava, Yuliya"]
[Black "Bendik, Margarita"]
[Result "1-0"]
[WhiteElo "1936"]
[BlackElo "1696"]
[PlyCount "123"]
[EventDate "2023.01.09"]
[EventType "tourn"]
[EventRounds "9"]
[EventCountry "BLR"]
[SourceTitle "CBM 212 Extra"]
[Source "ChessBase"]
[SourceDate "2023.03.31"]
[SourceVersion "1"]
[SourceVersionDate "2023.03.31"]
[SourceQuality "1"]

1. Nf3 Nf6 2. c4 e6 3. Nc3 Bb4 4. d4 0-0 5. Bg5 c5 6. e3 Qa5 7. Bxf6 gxf6 8. Qc2 Nc6 9. Bd3 f5 10. 0-0 cxd4 11. exd4 Be7 12. a3 Bf6 13. b4 Qc7 14. Ne2 b6 15. Rac1 Bb7 16. Rfe1 Kh8 17. Bxf5 exf5 18. Qxf5 Qd6 19. c5 Qe6 20. Qh5 Ne7 21. Ng3 Qd5 22. Qh3 Rg8 23. Re3 Rxg3 24. hxg3 Nf5 25. Rd3 Re8 26. Rcd1 d6 27. g4 Ng7 28. cxd6 Ne6 29. Re3 Rg8 30. d7 Qxd7 31. g5 Qa4 32. Rde1 Nxg5 33. Nxg5 Bxg5 34. Rg3 Qc6 35. Qf5 Qf6 36. Qd7 Bc6 37. Qxa7 Bh4 38. Rxg8+ Kxg8 39. Qb8+ Kg7 40. Re2 Qg6 41. d5 Bb5 42. Re1 Qf5 43. Qxb6 Qxd5 44. Qc5 Qxc5 45. bxc5 Kf8 46. a4 Bc6 47. a5 Be7 48. a6 Bxc5 49. Rc1 Bb5 50. Rxc5 Bxa6 51. f4 Be2 52. Kf2 Bd1 53. Ke3 Ke7 54. Ke4 Kf6 55. Rc6+ Kg7 56. Kf5 Be2 57. Kg5 Bd3 58. g4 Be4 59. Rb6 Bg6 60. f5 h6+ 61. Kh4 Bh7 62. Kh5 1-0

[Event "Wch U14 Girls"]
[Site "Mamaia"]
[Date "2022.09.08"]
[Round "3"]
[White "Sosovickova, Martina"]
[Black "Bendik, Margarita"]
[Result "1-0"]
[WhiteElo "1855"]
[BlackElo "1676"]
[PlyCount "61"]
[EventDate "2022.09.06"]
[EventType "swiss"]
[EventRounds "11"]
[EventCountry "ROU"]
[SourceTitle "CBM 210 Extra"]
[Source "ChessBase"]
[SourceDate "2022.11.30"]
[SourceVersion "1"]
[SourceVersionDate "2022.11.30"]
[SourceQuality "1"]

1. e4 e5 2. Nf3 Nc6 3. Nc3 Nf6 4. d4 exd4 5. Nxd4 Bb4 6. Nxc6 bxc6 7. Bd3 d5 8. exd5 cxd5 9. 0-0 0-0 10. h3 c6 11. Qf3 Bd6 12. Bg5 Rb8 13. Rab1 Be5 14. Bf4 Bxf4 15. Qxf4 Bd7 16. Ne2 c5 17. c3 Bb5 18. c4 Ba6 19. Rfd1 d4 20. b3 Re8 21. Ng3 g6 22. Re1 Nd7 23. Qh6 f5 24. Nxf5 Qf6 25. Ng3 Ne5 26. Nh5 Qf7 27. Be4 Bb7 28. Qg5 Bxe4 29. Nf6+ Kf8 30. Rxe4 Re6 31. Qh6+ 1-0

[Event "Wch U14 Girls blitz"]
[Site "Rhodes"]
[Date "2022.05.03"]
[Round "6"]
[White "Bendik, Margarita"]
[Black "Karas, Eugenia"]
[Result "0-1"]
[WhiteElo "1457"]
[BlackElo "1579"]
[PlyCount "81"]
[EventDate "2022.05.03"]
[EventType "swiss (blitz)"]
[EventRounds "9"]
[EventCountry "GRE"]
[SourceTitle "CBM 208 Extra"]
[Source "ChessBase"]
[SourceDate "2022.07.31"]
[SourceVersion "1"]
[SourceVersionDate "2022.07.31"]
[SourceQuality "1"]

1. e4 e6 2. d4 d5 3. Nd2 c5 4. exd5 exd5 5. Ngf3 Nc6 6. Bb5 Bd6 7. 0-0 Nge7 8. dxc5 Bxc5 9. Nb3 Bb6 10. Re1 0-0 11. Be3 Bf5 12. Bxb6 Qxb6 13. Bxc6 Nxc6 14. c3 Be4 15. Ng5 Rae8 16. Qh5 Bg6 17. Qh4 h6 18. Nf3 Be4 19. Nbd4 Nxd4 20. Nxd4 Qxb2 21. Qg3 Bg6 22. f4 Rxe1+ 23. Rxe1 Qb6 24. Kh1 Qf6 25. h3 Be4 26. Re2 Qa6 27. Rb2 b6 28. f5 Bxf5 29. Nxf5 Qf1+ 30. Kh2 Qxf5 31. Rf2 Qe6 32. Rd2 Re8 33. Rf2 Qe5 34. Rf4 g5 35. Rd4 Qxg3+ 36. Kxg3 Rc8 37. Rxd5 Rxc3+ 38. Kg4 Kg7 39. Rd7 Kg6 40. Rd6+ f6 41. Rd4 0-1

[Event "Wch U14 Girls blitz"]
[Site "Rhodes"]
[Date "2022.05.03"]
[Round "4"]
[White "Seemann, Pola"]
[Black "Bendik, Margarita"]
[Result "1-0"]
[WhiteElo "1439"]
[BlackElo "1457"]
[PlyCount "95"]
[EventDate "2022.05.03"]
[EventType "swiss (blitz)"]
[EventRounds "9"]
[EventCountry "GRE"]
[SourceTitle "CBM 208 Extra"]
[Source "ChessBase"]
[SourceDate "2022.07.31"]
[SourceVersion "1"]
[SourceVersionDate "2022.07.31"]
[SourceQuality "1"]

1. e4 d5 2. exd5 Qxd5 3. Nc3 Qd6 4. d4 Nf6 5. Nf3 c6 6. h3 Bf5 7. Be2 e6 8. Be3 h6 9. Qd2 Nbd7 10. 0-0 Qc7 11. Rfe1 Bd6 12. Bd3 Bxd3 13. Qxd3 0-0-0 14. Ne2 g5 15. Nd2 Nd5 16. c4 Nxe3 17. Qxe3 h5 18. c5 Bf4 19. Nxf4 gxf4 20. Qf3 Nf6 21. Ne4 Nd5 22. Nd6+ Kb8 23. Rad1 Rdg8 24. Rd3 b6 25. Rb3 Rg7 26. Kh1 Rhg8 27. Rg1 h4 28. a4 Ka8 29. Nc4 f5 30. cxb6 axb6 31. Ne5 Kb7 32. a5 b5 33. a6+ Ka7 34. Ra3 Rg5 35. Raa1 R5g7 36. Rac1 Qb6 37. Nxc6+ Ka8 38. Rc5 Qxa6 39. Qd3 Nc7 40. Nb4 Qb6 41. Rc6 Qb7 42. Qf3 Kb8 43. Qxf4 Rd8 44. Qe5 Re7 45. Rgc1 Rdd7 46. Qh8+ Ka7 47. Ra1+ Na6 48. Raxa6+ 1-0